|
|
|
|
| LEADER |
01101nam a2200265 a 4500 |
| 001 |
12409817 |
| 008 |
090616s2002 at a b 001 0 eng d |
| 010 |
|
|
|a \\2001034493
|
| 020 |
|
|
|a 0324066856 (pkg., text, and CDs)
|
| 020 |
|
|
|a 032415092X (CD with Project 2000)
|
| 040 |
|
|
|a DLC
|c DLC
|d DLC
|
| 082 |
0 |
0 |
|a 658.5
|2 21
|
| 100 |
1 |
|
|a Gaither, Norman.
|
| 245 |
1 |
0 |
|a Operations management /
|c Norman Gaither, Greg Frazier.
|
| 250 |
|
|
|a 9th ed.
|
| 260 |
|
|
|a Australia ;
|a Cincinnati, Ohio :
|b South-Western/Thomson Learning,
|c c2002.
|
| 300 |
|
|
|a xiv, 811 p. :
|b col. ill. ;
|c 27 cm.
|
| 500 |
|
|
|a Rev. ed. of: Production and operations management. 8th ed. c1999.
|
| 504 |
|
|
|a Includes bibliographical references and index.
|
| 541 |
1 |
|
|e 00014779
|
| 650 |
|
0 |
|a Production management.
|
| 700 |
1 |
|
|a Frazier, Greg,
|d 1962-
|
| 852 |
4 |
|
|a Ayesha Abed Library
|j General shelf
|
| 999 |
|
|
|c 1387
|d 1387
|
| 952 |
|
|
|0 0
|1 0
|2 ddc
|4 0
|6 658_500000000000000_GAI_2002
|7 0
|9 1267
|a BRACUL
|b BRACUL
|c GEN
|d 2009-06-25
|g 0.00
|l 4
|m 10
|o 658.5 GAI
|p 3010014779
|r 2017-06-05
|s 2017-05-14
|t 1
|w 2009-06-25
|y BK
|x No price found in the accession register.
|